00755nam a2200205Ia 4500001000700000008004100007020002200048082001600070100002500086245009800111260010900209300001500318440003700333503002600370504002900396650003200425650002900457650001900486700004400505Z_2748220601s9999 xx 000 0 und d a978-607-12-0450-9 a631.584 G66 aGómez Tovar, Laura aAgricultura orgánica : bases técnicas / Laura Gómez Tovar y Manuel Ángel Gómez Cruz aMéxico : UACh. Centro de Investigaciones Interdiciplinarias para el Desarrollo Rural Integral (CIIDRI) axii, 91 p. a(Publicaciones agroecológicas) aej.1: donación 2017 aBibliografía: p. 85-91 a1. Producción orgánica  aAgricultura sustentable  aAgroecología aGómez Cruz, Manuel Ángel, coaut.Ì